000 00630nam a2200181Ia 4500
008 090630s9999 xx 000 0 und d
082 _b19270
100 _aकामत मंगला.
245 _aसैनिक स्कूल परीक्षा.
_cकामत मंगला.
260 _bदास्ताने.
_c2000
300 _a146
600 _aकामत मंगला.
630 _aसैनिक स्कूल परीक्षा.
655 _aइतर.
700 _aकामत मंगला.
730 _aसैनिक स्कूल परीक्षा.
942 _cBOOK
999 _c271126
_d271126